000 00258nam a2200097Ia 4500
005 20251222113744.0
008 251222s1900||||xx |||||||||||||| ||spa||
082 _aDVD0150/C24/2010
245 0 _aSaint Philip Neri, i prefer heaven:Prefiero el paraĆ­so
942 _cDVD
999 _c732
_d732